Loading...
Biography and ecology in Madagascar
| Main Author: | |
|---|---|
| Other Authors: | |
| Format: | Printed Book |
| Language: | Undetermined English |
| Published: |
Hague
Dr. W Junk B V publishers
1972
|
| Subjects: |
| LEADER | 00623nam a2200193Ia 4500 | ||
|---|---|---|---|
| 008 | 140306s9999 xx 000 0 und d | ||
| 041 | |a eng | ||
| 082 | |a 574 .5 |b BAT/BI | ||
| 100 | |a Battistini, R | ||
| 700 | |a Vintard, G R | ||
| 245 | |a Biography and ecology in Madagascar | ||
| 260 | |a Hague |b Dr. W Junk B V publishers |c 1972 | ||
| 300 | |a 765 | ||
| 365 | |b Rs .382 .50 | ||
| 650 | |a Climatography | ||
| 650 | |a les arachnides | ||
| 942 | |2 ddc |c BK | ||
| 999 | |c 115463 |d 115463 | ||
| 952 | |0 0 |1 0 |2 ddc |4 0 |6 574__500000000000000_BATBI |7 0 |9 113914 |a KAUHCV |b KAUHCV |d 2002-04-24 |g 382.50 |o 574 .5 BAT/BI |p KAU_HCV-12062 |r 2014-03-22 |w 2014-03-22 |y BK | ||